000 00617nam a2200181 i 4500
001 167894
003 ES-MaACL
005 20250809025222.0
008 051003s1886 fr | |||||||| ||fre d
040 _aCAM
_bspa
_cCAM
100 1 _aWeiss, André.
_9116396
245 1 0 _aTraité elementaire de droit international privé /
_cpar André Weiss.
260 _aParis :
_bL. Larose et Forcel,
_c1886 (
_fImprimerie Contant-Laguerre)
300 _aXXXVIII, 996 p. ;
_c23 cm.
650 0 7 _aDerecho internacional privado
_2embne
_911721
852 _aES-MaACL
_jF-8393
_z- Enc. pasta española
999 _c167894
_d167894